Sacred Twenty-Eight - Pure Blood Families (Harry Potter) - Statistics

General Stats
  • This quiz has been taken 26 times
  • The average score is 16 of 28
Answer Stats
House % Correct
Malfoy
94%
Black
88%
Lestrange
81%
Longbottom
75%
Weasley
75%
Gaunt
69%
Nott
69%
Abbott
63%
Avery
63%
Bulstrode
63%
Parkinson
63%
Selwyn
63%
Shacklebolt
56%
Yaxley
56%
Carrow
50%
Crouch
50%
Macmillan
50%
Ollivander
50%
Prewett
50%
Shafiq
50%
Burke
44%
Greengrass
44%
Rosier
44%
Flint
38%
Rowle
38%
Fawley
31%
Slughorn
31%
Travers
31%
No matching quizzes found
Score Distribution
Percent of People with Each Score
Percentile by Number Answered
Your Score History
You have not taken this quiz